Aqua : música para flauta y electrónica /

Grabación realizada en la sala Blas Galindo del Centro Nacional de las Artes de la Ciudad de México, en julio de 2001.

Gespeichert in:
Bibliographische Detailangaben
1. Verfasser: Escuer, Alejandro (música y ejecución musical)
Weitere Verfasser: Veldhuis, Jacob ter (música) (música), Galindo, Guiellermo (música) (música), Rocha Iturbide, Manuel (música) (música), Scarani, Stefano (música) (música), Fuentes, Arturo (música) (música)
Format: Audio
Veröffentlicht: México : Quindecim Recordings : 2002, c2002
Schlagworte:
Tags: Tag hinzufügen
Keine Tags, Fügen Sie das erste Tag hinzu!

MARC

LEADER 00000njm^a2200000^a^4500
001 000440223
005 20251020000000.0
009 20260310123329.8
037 |a Acervo ITESO - Biblioteca 
041 |a SON 
082 |a 789. 341  |b ESC ALE 
100 |a Escuer, Alejandro  |e (música y ejecución musical) 
245 1 0 |a Aqua :  |b música para flauta y electrónica /  |c Música, producción, texto del folleto y flauta A. Escuer ; música de J. ter Veldhuis, G. Galindo, M. Rocha Iturbide, S. Scarani, A. Fuentes, J. Waters ; tr. por Mara Tillet. 
264 4 |a México :  |b Quindecim Recordings :  |c 2002, c2002 
300 |a 1 disco compacto sonoro (59 min.) +  |e 1 folleto (20 p.) 
336 |a música interpretada  |b prm  |2 rdacontenido 
337 |a audio  |b s  |2 rdamedio 
338 |a disco sonoro  |b sd  |2 rdasoporte 
520 |a Grabación realizada en la sala Blas Galindo del Centro Nacional de las Artes de la Ciudad de México, en julio de 2001. 
546 |a Edición bilingüe español-inglés (folleto) 
591 |a Obra contenida en una caja (1 volumen) 
649 |a XX 
650 |a Músicos Mexicanos 
650 |a Músicos Holandeses 
650 |a Músicos Italianos 
650 |a Músicos Nortemericanos 
650 |a Artistas Mexicanos 
650 |a Artistas Holandeses 
650 |a Artistas Italianos 
650 |a Artistas Norteamericanos 
650 |a Cuarteto (Música) -  |z México 
650 |a Flauta -  |z México 
650 |a Flauta -  |x Tema Principal 
650 |a Música de Cámara -  |z México 
650 |a Música de Concierto -  |z México 
650 |a Música Moderna -  |z México 
650 |a Música Electrónica -  |z México 
650 |a Música Electrónica -  |z Holanda 
650 |a Música Mexicana -  |x Intérpretes Mexicanos 
650 |a Música Holandesa -  |x Intérpretes Mexicanos 
650 |a Música Italiana -  |x Intérpretes Mexicanos 
650 |a Música Norteamericana -  |x Intérpretes Mexicanos 
650 |a Música Mexicana -  |y Siglo XX 
650 |a Música Mexicana -  |y Siglo XXI 
650 |a Música Holandesa -  |y Siglo XX 
650 |a Música Italiana -  |y Siglo XX 
650 |a Música Norteamericana -  |y Siglo XX 
650 |a Escuer, Alejandro 
650 |a Veldhuis, Jacob ter 
650 |a Galindo, Guiellermo 
650 |a Rocha Iturbide, Manuel 
650 |a Scarani, Stefano 
650 |a Fuentes, Arturo 
650 |a Waters, Joseph 
700 |a Veldhuis, Jacob ter  |e (música) 
700 |a Galindo, Guiellermo  |e (música) 
700 |a Rocha Iturbide, Manuel  |e (música) 
700 |a Scarani, Stefano  |e (música) 
700 |a Fuentes, Arturo  |e (música) 
740 0 |a Octum /  |c Música de J. ter Veldhuis ; flatua A. Escuer. 
740 0 |a Lipstick /  |c Música de J. ter Veldhuis ; flatua A. Escuer. 
740 0 |a Halku II /  |c Música de G. Galindo ; flatua A. Escuer. 
740 0 |a Herrajes [de Manuel Rocha Iturbide] /  |c Música de M. Rocha Iturbide ; flatua A. Escuer. 
740 0 |a Semi No Koe /  |c Música de M. Rocha Iturbide ; flatua A. Escuer. 
740 0 |a Vision of Death I-Calaveras /  |c Música de S. Scarani ; flauta A. Escuer. 
740 0 |a Witt /  |c Música de A. Fuentes ; flauta A. Escuer. 
740 0 |a Dream in Aqua and Scarlet /  |c Música de J. Waters ; flauta A. Escuer. 
910 |a Fondo General 
920 |a Sonoros - CDs 
940 |a CDs de Música 
905 |a 401 
901 |a 0500365016  |b IT2  |c CDM  |i C92679  |u 20250521 
901 |a 0500365017  |b IT2  |c MIM  |i C92679  |u 20251020 
902 |a https://opac.biblio.iteso.mx/vufind/Record/000440223